| 000 | 01510nam a2200433 c 4500 | ||
|---|---|---|---|
| 001 | 20864 | ||
| 003 | ES-MaCES | ||
| 005 | 20250121040010.0 | ||
| 008 | 080207s2007 sp d t o000 | spa d | ||
| 017 |
_aM 55239-2007 _bDL |
||
| 020 | _a9788469098578 | ||
| 024 | 7 |
_a207-07-120-5 _2nipo |
|
| 035 | _aCES20080000932m | ||
| 040 |
_aES-MaCES _bspa _cES-MaCES |
||
| 245 | 0 | 0 |
_aDiferencia y discriminación salarial por razón de sexo _c[estudio realizado por Centro de Estudios Económicos Tomillo ; investigadoras, Gema de Cabo Serrano, Mª José Garzón] |
| 260 |
_aMadrid _bInstituto de la Mujer _c2007 |
||
| 300 |
_a285 p. _bgráf. bl. y n. _c24 cm |
||
| 490 | 1 |
_aEstudios _v100 |
|
| 504 | _aBibliografía: p. 241-246 | ||
| 541 | _cGratuito | ||
| 650 | 4 |
_amujeres _928657 |
|
| 650 | 4 |
_atrabajadora _928413 |
|
| 650 | 4 |
_adiscriminación por razones de sexo _929521 |
|
| 650 | 4 |
_asalario _928387 |
|
| 650 | 4 |
_adiferencia del salario _929458 |
|
| 650 | 4 |
_aEspaña _926964 |
|
| 650 | 4 |
_aComunidades Autónomas _930768 |
|
| 650 | 4 |
_a1995-2005 _931893 |
|
| 650 | 4 |
_acuadros estadísticos _928890 |
|
| 653 | 1 | 0 | _aMujer |
| 700 | 1 |
_aCabo Serrano, Gema de _98615 |
|
| 700 | 1 |
_aGarzón, María José _913169 |
|
| 710 | 2 |
_aInstituto de la Mujer (España) _eed. _94190 |
|
| 710 | 2 |
_aCentro de Estudios Económicos Tomillo _91867 |
|
| 830 | 0 |
_aEstudios (Instituto de la Mujer (España)) _v100 _932074 |
|
| 902 | _aLIB Libro | ||
| 942 |
_2CES _cBK _h3.3. |
||
| 999 |
_c20864 _d20864 |
||